|
|
|
|
| LEADER |
00853nab a2200205 i 4500 |
| 001 |
publ13252 |
| 005 |
20220928083859.0 |
| 008 |
180424s2013 hu o 0|| magyar d |
| 022 |
|
|
|a 0025-0171
|
| 024 |
7 |
|
|a 2491635
|2 mtmt
|
| 040 |
|
|
|a SZTE Publicatio Repozitórium
|b hun
|
| 041 |
|
|
|a magyar
|
| 100 |
1 |
|
|a Monok István
|
| 245 |
1 |
0 |
|a Fáy Zoltán, A Gyöngyösi Ferences Könyvtár, Gyöngyös, Ferences Plébánia és Rendház, 2012
|h [elektronikus dokumentum] /
|c Monok István
|
| 260 |
|
|
|a Magyar Tudományos Akadémia
|c 2013
|
| 300 |
|
|
|a 398-401
|
| 490 |
0 |
|
|a MAGYAR KÖNYVSZEMLE
|v 129 No. 3
|
| 650 |
|
4 |
|a Történettudomány és régészet
|
| 856 |
4 |
0 |
|u http://publicatio.bibl.u-szeged.hu/13252/1/Monok_gyongyosi_ferences_kvt_2013.pdf
|z Dokumentum-elérés
|
| 856 |
4 |
0 |
|u http://publicatio.bibl.u-szeged.hu/13252/13/2491635_cimlap_tartj.pdf
|z Dokumentum-elérés
|